| 000 | 00676 a2200193 4500 | ||
|---|---|---|---|
| 020 | _a0849371740 | ||
| 040 |
_aDLC _bDLC |
||
| 082 | 0 | 0 | _a003/.83 |
| 100 | 1 | _aPooch, Udo W., | |
| 245 | 1 | 0 |
_aDiscrete event simulation : a practical approach _ba practical approach _cUdo W. Pooch, James A. Wall. |
| 260 |
_aBoca Raton : _bCRC Press, _cc1993. |
||
| 300 |
_axv, 412 p. : _bill. ; _c24 cm. |
||
| 440 | 0 | _aCRC Press computer engineering series | |
| 650 | 0 | _aComputer simulation. | |
| 650 | 0 | _aDiscrete-time systems. | |
| 700 | 1 |
_aWall, James A. _d1951- |
|
| 856 | 4 | 2 |
_3Publisher description _uhttp://www.loc.gov/catdir/enhancements/fy0744/93111700-d.html |
| 942 |
_cBK _k003.83 POO _2ddc |
||
| 999 |
_c4932 _d4932 |
||